| 000 | 00987nas a2200325 4500 | ||
|---|---|---|---|
| 001 | BR2011005832 | ||
| 003 | BR-BrBNA | ||
| 005 | 20231205115634.0 | ||
| 007 | ta | ||
| 008 | 230509b bl.|||p| |||| 00| 00por d | ||
| 040 |
_aBR-BrBNA _bpor _cBiblioteca Nacional de Agricultura |
||
| 041 | _a(Pt) | ||
| 072 | _aL73 | ||
| 100 | 1 | _aTorres, C.A. | |
| 100 | 1 | _aFavero, C.M. | |
| 100 | 1 | _aRichtzenhain, L.J. | |
| 100 | 1 | _aCastro, A.M.M.G. | |
| 100 | 1 | _aBrandão, P.E. | |
| 245 | 1 | _aSobre as bases moleculares da maior proteção conferida pela vacina Nobilis Ma5 IB contra a bronquite infecciosa quando comparado com H120 | |
| 650 | _aGALINHA | ||
| 650 | _aDOENÇA ANIMAL | ||
| 650 | _aAVICULTURA | ||
| 650 | _aVACINA | ||
| 650 | _aVÍRUS | ||
| 650 | _aINFECÇÃO | ||
| 650 | _aBRONQUITE | ||
| 773 | 0 |
_tA Hora Veterinária (Brazil) _xISSN 0101-9163 _g(May-Jun 2011), v. 31(181) p. 13-18 _wBR2011005832 |
|
| 909 |
_a202311 _bLúcia _c55 _dLúcia Elande |
||
| 942 |
_2AGRIS _n0 _cANA |
||
| 999 |
_c214952 _d214952 |
||